| 000 | 00792nas a2200253 4500 | ||
|---|---|---|---|
| 001 | BR9605803 | ||
| 003 | BR-BrBNA | ||
| 005 | 20231205095859.0 | ||
| 007 | ta | ||
| 008 | 230509b bl.|||p| |||| 00| 00por d | ||
| 040 |
_aBR-BrBNA _bpor _cBiblioteca Nacional de Agricultura |
||
| 041 | _a(Pt) | ||
| 072 | _aF40 | ||
| 100 | 1 | _aAlencar, J. da C. | |
| 245 | 1 | _aFenologia de cinco especies arboreas tropicais de Sapotaceae correlacionada a variaveis climaticas na reserva Ducke, Manaus, AM | |
| 650 | _aArvore | ||
| 650 | _aFenologia | ||
| 650 | _aSapotaceae | ||
| 650 | _aMeio Ambiente | ||
| 650 | _aAmazonas | ||
| 773 | 0 |
_tActa Amazonica (Brazil) _xISSN 0044-5967 _g(Jul-Oct 1994), v. 24(3/4) p. 161-182 _wBR9605803 |
|
| 909 |
_a202311 _bLúcia _c55 _dLúcia Elande |
||
| 942 |
_2AGRIS _n0 _cANA |
||
| 999 |
_c153258 _d153258 |
||